000
00308nam a22001337a 4500
020
_q
PB.
040
_c
FIZZA ISHAQ
082
_a
001.424
_b
HAM
100
_a
TAHA A.HAMDY.
_9
89352
245
_a
OPERATIONS RESEARCH /
_c
HAMDY A.TAHA.
260
_a
NEW YORK ;
_c
2017.
300
_a
843 P. ;
942
_2
ddc
_c
BK
999
_c
588120
_d
588120